| 000 | 01110nam a2200265 a 4500 | ||
|---|---|---|---|
| 001 | 000002280 | ||
| 005 | 20240419192441.0 | ||
| 008 | 090701s2007 dr abd r 000 0 spa d | ||
| 040 |
_aDO-SdBNP _bspa _cBNPHU |
||
| 082 |
_a331.62097293 _bA644i |
||
| 245 | 0 | 0 |
_aAportes del inmigrante haitiano a la economía dominicana / _cpresentación Antonio Pol Emil. |
| 260 |
_aSanto Domingo : _bCentro Cultural Domínico Haitiano, _c2007. |
||
| 300 |
_a216, [50] p. : _bil. , retr., mapas ; _c22 cm. |
||
| 500 | _aEstudio realizado para el Centro Cultural Domínico Haitiano por EPISA | ||
| 500 | _aIncluye índice y anexos | ||
| 500 | _aIncluye cuestionarios y entrevistas utilizados en las encuentas | ||
| 504 | _aIncluye referencias bibliográficas | ||
| 590 | _aInventariado, 2018/VM | ||
| 650 | 4 |
_aTrabajadores extranjeros _xAspectos económicos _zRepública Dominicana _97265 |
|
| 650 | 0 |
_aTrabajadores migratorios _97266 |
|
| 651 | 4 |
_aHaití _xEmigración E Inmigración _91425 |
|
| 651 | 4 |
_aHaitianos En República Dominicana _91426 |
|
| 700 | 1 |
_aPol Emil , Antonio _97267 |
|
| 910 | _aJornada de catalogación | ||
| 999 |
_c2125 _d2125 |
||